Bridal intercession : (Record no. 7240)

MARC details
000 -LEADER
fixed length control field 00700nam a22002177a 4500
003 - CONTROL NUMBER IDENTIFIER
control field OSt
005 - DATE AND TIME OF LATEST TRANSACTION
control field 20260110012505.0
008 - FIXED-LENGTH DATA ELEMENTS--GENERAL INFORMATION
fixed length control field 260110b |||||||| |||| 00| 0 eng d
020 ## - INTERNATIONAL STANDARD BOOK NUMBER
International Standard Book Number 971-93154-3-1
040 ## - CATALOGING SOURCE
Original cataloging agency DWC-Main lib
Transcribing agency OC
082 ## - DEWEY DECIMAL CLASSIFICATION NUMBER
Classification number Fil. 248.32 W647b 2001
100 ## - MAIN ENTRY--PERSONAL NAME
Personal name Wiens, Gary
245 ## - TITLE STATEMENT
Title Bridal intercession :
Remainder of title authority in prayer through intimacy with Jesus/
Statement of responsibility, etc. Gary Wiens
260 ## - PUBLICATION, DISTRIBUTION, ETC.
Place of publication, distribution, etc. Olongapo City, Philippines :
Name of publisher, distributor, etc. Arise and Shine publishing ,
Date of publication, distribution, etc. c2001.
300 ## - PHYSICAL DESCRIPTION
Extent 253 pages :
Other physical details illustrations ;
Dimensions 21cm.
650 ## - SUBJECT ADDED ENTRY--TOPICAL TERM
Topical term or geographic name entry element 1. Jesus Christ
650 ## - SUBJECT ADDED ENTRY--TOPICAL TERM
Topical term or geographic name entry element 2. Pray-- Christianity
650 ## - SUBJECT ADDED ENTRY--TOPICAL TERM
Topical term or geographic name entry element 3. Prayer
650 ## - SUBJECT ADDED ENTRY--TOPICAL TERM
Topical term or geographic name entry element 4. Spiritual life
942 ## - ADDED ENTRY ELEMENTS (KOHA)
Source of classification or shelving scheme Dewey Decimal Classification
Koha item type Book-Filipiniana
Call number prefix Fil.
Suppress in OPAC No
952 ## - LOCATION AND ITEM INFORMATION (KOHA)
--
Holdings
Withdrawn status Lost status Source of classification or shelving scheme Damaged status Not for loan Home library Current library Shelving location Date acquired Source of acquisition Total Checkouts Full call number Barcode Date last seen Copy number Price effective from Koha item type Uniform Resource Identifier
    Dewey Decimal Classification     College Library College Library Filipiniana 03/23/2021 Donation   Fil. 248.32 W647b 2001 CL52737 01/10/2026 c1 01/10/2026 BK - FIL